Les antagonistes des Jeux Nintendo - Statistiques

Statistiques générales
  • Ce quiz a été pris 88 fois
  • Le résultat moyen est 11 sur 36
Statistiques - réponses
Par images Réponse % Correct
Bowser
99%
Roi Boo
95%
Ganondorf
88%
Roi Dadidou
71%
King K. Rool
65%
Wolf O'Donnell
64%
Giovanni
58%
Ridley
58%
Skull Kid
49%
Créa-main
48%
Xanto
39%
Ghirahim
34%
Tabbou
31%
Princesse Xhampi
30%
Andros
27%
Medusa
25%
Mother Brain
23%
Madame Broode
21%
Marx
19%
Magolor
18%
Wart
18%
DJ Octave
17%
Kilaire
16%
Roi Olly
13%
M. Ours
12%
Nightmare
8%
Porky Minch
8%
Kraid
6%
Dr. Coyle
3%
Empereur Bulbax
3%
Zanza
3%
Zephiel
3%
Anankos
1%
Black Shadow
1%
Luxaar
1%
Sire Frighorrifik
1%
Aucun quiz correspondant
Distribution des résultats
% des personnes avec chaque résultat
Percentile par nombre de réponses
Votre historique - résultats
Vous n’avez pas pris ce quiz